Съчинения в пет тома (Запис номер 168963)
[ съкратено ]
| 000 -Лидер | |
|---|---|
| Контролно поле с фиксирана дължина | 02565nam a2200433 c 4500 |
| 003 - Код на организацията, давaща контролен номер | |
| Контролно поле | BLK |
| 005 - Дата и час на последна редакция | |
| Контролно поле | 20250119004142.0 |
| 008 - Елементи от данни с фиксирана дължина | |
| fixed length control field | 180411b bul|||||r ||||||| ||bul|| |
| 010 ## - Наследен системен номер | |
| LC control number | KNG00176921000 |
| 020 ## - Международен стандартен номер на книга ISBN | |
| Международен стандартен номер на книга ISBN | 978-954-09-0814-4 |
| -- | издат.: Захарий Стоянов - на том (т.2) |
| 040 ## - Източник на каталожния запис | |
| Идентификатор на билиотеката - собственик на записа | BLK |
| 041 ## - Код за език | |
| Код за езика на текст/звукозапис или на отделно заглавие | Български |
| Код за езика КДБФ | Български |
| 072 #7 - Код за тематичната категория | |
| Код организация | bullib |
| Код за тематична категория | Н92 |
| Текст | История Н |
| 080 ## - УДК | |
| Текстов определител УДК | Политически и културен разцвет (852-927). Дейността на Кирил и Методий. Приемане на христианството |
| УДК код - определител по УДК | 94(497.2)"852/927" |
| УДК определител | (092) |
| УДК - код + определител | 94(497.2)"852/927"(092) |
| 080 ## - УДК | |
| Текстов определител УДК | Период на феодализма в българските земи (VII век -I пол. на XVIII век) |
| УДК код - определител по УДК | 94(497.2)"06/17" |
| УДК определител | (081) |
| УДК - код + определител | 94(497.2)"06/17"(081) |
| 080 ## - УДК | |
| Текстов определител УДК | Български владетел, който налага християнството и въвежда славянската писменост в България |
| УДК код - определител по УДК | 929 Борис I, княз български |
| УДК определител | |
| УДК - код + определител | 929 Борис I, княз български |
| 100 1# - Редна дума - Автор | |
| Автор | Гюзелев, Васил Тодоров |
| Авторска отговорност | първи автор |
| R(LIN) | 364355 |
| 139 ## - Редно поле | |
| Редна дума | Гюзелев, Васил Тодоров |
| Авторски знак | Бор - Б 64 |
| 245 10 - Сведения за заглавието | |
| Заглавие | Съчинения в пет тома |
| Подзаглавни данни | Т. 1 - |
| Редно поле (дума) | Васил Тодоров Гюзелев. |
| Том | Т. 2 |
| Заглавие на том | Княз Борис Първи (852 - 889; починал 907) |
| 257 ## - Страна на издаване | |
| Страна на създаване/издаване | България |
| 260 ## - Област на издателските данни | |
| -- | София |
| Година на издаване | 2013 - |
| Печатница | София : Унив. изд. Св. Климент Охридски |
| 300 ## - Физическа характеристика | |
| Размери/Мащаб | 25 см |
| 380 ## - Жанр | |
| Жанр | История |
| 505 ## - Форматирана забележка | |
| Подзаглавни данни | |
| Авторската отговорност | |
| Заглавие | Кавханите и Ичиргу боилите на българското ханство - царство (VІІ - XІ в.) |
| 600 14 - Име на лице, използвано като предмет | |
| За него / За нея | Борис I, княз български |
| 9 (RLIN) | 282423 |
| 650 #7 - Допълнително описание по предмет – тема | |
| Основно описание – тема или топоним | България - история, средни векове |
| Източник на редна или ключова дума | |
| 9 (RLIN) | 149610 |
| 653 ## - Ключова дума – ненормативна | |
| Ключова дума | България |
| 653 ## - Ключова дума – ненормативна | |
| Ключова дума | история |
| 653 ## - Ключова дума – ненормативна | |
| Ключова дума | Средновековие |
| 653 ## - Ключова дума – ненормативна | |
| Ключова дума | Борис І |
| 659 ## - Тематичен бюлетин | |
| Тематичен бюлетин | Н |
| 760 1# - Описание на основната серия | |
| -- | - на том (т.2) |
| Редна дума на основното описание | Гюзелев, Васил Тодоров |
| Място на издаване, издател и година | Захарий Стоянов, 2014 |
| Страници - том | 512 с. : с табл. |
| Забележка - том | Загл. на кор.: Княз Борис Първи. - Библиогр.: с. 489-500. |
| Заглавие | Т. 2 Княз Борис Първи (852 - 889; починал 907) |
| 852 ## - Местоположение | |
| Форматна сигнатура | Цб 272177 |
| 856 4# - Електронен адрес и достъп | |
| Електронен формат | pdf - файл |
| Път до файла /url/ | |
| 856 4# - Електронен адрес и достъп | |
| Електронен формат | pdf - файл |
| Път до файла /url/ | |
| 942 ## - АРТИКУЛИ | |
| Вид на библиотечния материал | Книги |
| Скрит в OPAC | Не |
| 944 ## - СЪЗДАВАНЕ И РЕДАКЦИЯ на ЗАПИСА | |
| Създаване/Редакция | Създаване |
| Дата на регистрацията/редакция | 19.06.2015 |
| Служител, извършил регистрацията/редакцията | |
| Статус, дата на статуса | CRON CRON |
| 944 ## - СЪЗДАВАНЕ И РЕДАКЦИЯ на ЗАПИСА | |
| Създаване/Редакция | Редакция |
| Дата на регистрацията/редакция | 06.11.2015 |
| Служител, извършил регистрацията/редакцията | Грета_Цуфелде |
| 999 ## - СИСТЕМНИ КОНТРОЛНИ НОМЕРА | |
| Koha biblionumber | 168963 |
| Koha biblioitemnumber | 168963 |
| Код за отписване | Код за изгубен артикул | Код за повреда | Коз за рестрикции | Код за отдаване | Артикулен № | Име на библиотеката - собственик | Име на библиотеката, в която се намира в момента | Статус (Текущо местоположение) | Дата на вписване в системата | Местоположение - отдел | Цена в лева | Инвентарен номер | Систематично азбучна сигнатура | Баркод | Номер на екземпляра | Цена в евро | Служебна бележка | Служебен тип на артикула |
|---|---|---|---|---|---|---|---|---|---|---|---|---|---|---|---|---|---|---|
| Не е изгубен | Не е повреден | без рестрикции | ползва се в читалня | 285649 | Регионална библиотека "Любен Каравелов" Русе | Регионална библиотека "Любен Каравелов" Русе | Хранилище | 2015-06-26 | Хранилище | 30.00 | 120000789058 | Цб 272177 | 120000789058 | 1 | 15.34 | Дост: Dp Вид: Д N: 3 Дата: 12.01.2015 | Книги |